Statistics for Historical Cultural Periods: III Rococo/Enlightenment

Click here to take the quiz!

General Stats

  • This quiz has been taken 14 times
  • The average score is 5 of 15

Answer Stats

Answer% Correct
German
55%
Immanuel Kant
55%
Italian
55%
Jean-Honoré Fragonard
55%
Jean-Jacques Rousseau
55%
Voltaire
55%
Adam Smith
45%
French
45%
Dennis Diderot
36%
Spanish
36%
Polish
18%
Antoine Watteau
9%
Francois Boucher
9%
Rosalba Carriera
0%
Thomas Gainsborough
0%

Score Distribution

Percentile by Number Answered

Percent of People with Each Score

Your Score History

You have not taken this quiz